Statystyki dla Bardbarian - Bogowie chaosu

Kliknij tutaj aby rozwiązać quiz!

Ogólne statystyki

  • Ten quiz został rozwiązany 7 razy
  • Średni wynik to 119 z 223

Statystyki odpowiedzi

Khorne% Poprawnych
Khorne
100%
Bo
80%
bo
80%
bóg
80%
Bogowie
80%
Chaosu
80%
Ci
80%
Cię
80%
co
80%
coś
80%
czaszek
80%
dają
80%
do
80%
dojść
80%
dzieci
80%
głosu
80%
i
80%
jestem
80%
Jestem
80%
kochania
80%
krwawej
80%
libacje
80%
Losu
80%
losu
80%
ma
80%
Mam
80%
mnie
80%
mu
80%
mutacje
80%
na
80%
nie
80%
Nie
80%
niespokojny
80%
niszczyciele
80%
od
80%
Odbiorą
80%
pan
80%
plądrują
80%
plan
80%
robi
80%
się
80%
ten
80%
to
80%
tortury
80%
tron
80%
urośnie
80%
w
80%
wielu
80%
Władcą
80%
władca
80%
wojny
80%
wszystko
80%
wy
80%
z
80%
zawsze
80%
zostawią
80%
Boom
60%
ciężkozbrojnych
60%
czyżby
60%
dewiacje
60%
donośnie
60%
Gdy
60%
hasztag
60%
jaki
60%
Jego
60%
jeśli
60%
juchę
60%
już
60%
Krwiopijec
60%
krzyczą
60%
kwilą
60%
marzy
60%
mnóstwa
60%
może
60%
mych
60%
Nadchodzą
60%
obłęd
60%
oblicze
60%
Ofiary
60%
Panem
60%
pełne
60%
poczuję
60%
poligamia
60%
pożądania
60%
przystojny
60%
rozdania
60%
rozerwie
60%
rozkoszy
60%
Slaanesh
60%
słuchajcie
60%
Słuchajcie
60%
Spójrz
60%
sposób
60%
sprawić
60%
sprośnie
60%
staję
60%
Stoisz
60%
strzępy
60%
truchło
60%
twarzy
60%
twoje
60%
Twoje
60%
Tzeench'em
60%
wiesz
60%
wybuchło
60%
zdenerwujesz
60%
zdołam
60%
że
60%
Że
60%
Zgnilizny
60%
Złóż
60%
Zmian
60%
Zwą
60%
byś
40%
czego
40%
dłoni
40%
Jedyne
40%
marzenia
40%
pęka
40%
pokłonił
40%
poznasz
40%
serce
40%
Sprawię
40%
wyciągnięcie
40%
Zarazy
40%
Konspirator
20%
książe
20%
miłośnie
20%
Mistrzu
20%
modlitwę
20%
odwiedzi
20%
oraz
20%
plucia
20%
prawdziwie
20%
przez
20%
sztuce
20%
Twoją
20%
was
20%
Wielki
20%
wkrótce
20%
zaraza
20%
znowu
20%
żonę
20%
chciałby
0%
chłopie
0%
chwilę
0%
dorwę
0%
drogę
0%
Dwupłciowy
0%
gawiedzi
0%
głupia
0%
gorzki
0%
imperia
0%
jednego
0%
jestestwa
0%
królestwa
0%
Lordzie
0%
masz
0%
miasta
0%
mojego
0%
mówić
0%
Możesz
0%
Pamiętajcie
0%
pluję
0%
poczujecie
0%
pokaże
0%
później
0%
przewalone
0%
przyszłość
0%
rozchorujesz
0%
słuszność
0%
smak
0%
truchła
0%
tylko
0%
uczucia
0%
ukłucia
0%
wasze
0%
wioski
0%
Władco
0%
Zepsucia
0%
złapie
0%
Zmieni
0%

Rozkład punktacji

Percentyl według liczby udzielonych odpowiedzi

Procent ludzi z każdym wynikiem

Twoja historia wyników

Nie rozwiązałeś tego quizu